000 00860nam a2200241 i 4500
001 6490
003 ES-MaACL
005 20230906144946.0
007 t|
008 891124s1989 sp ||||1| spa d
020 _a84-86852-78-1
080 _a616-053.2
080 _a371.91/92:616-053.2
245 0 0 _aEficacia de una intervencion precoz en niños minusvalidos y en situacion de riesgo /
_cdirectores de edicion, Michael J. Guralnick y Forrest C. Bennett.
250 _a1a ed.
260 _aMadrid :
_bMinisterio de Asuntos Sociales, Instituto Nacional de Servicios Sociales,
_c1989.
300 _aXIII, 513 p. ;
_c21 cm.
500 _aIndice.
504 _aBibliogr.: p. 509-513.
650 1 4 _aNiños-
_xMinusvalias.
_915550
710 2 _aInstituto Nacional de Servicios Sociales (España)
_95189
852 _aES-MaACL
_jL-13593
_bR.117091
_z. - rust.
999 _c6490
_d6490